Gladys Aylward : (Record no. 10440)

MARC details
000 -LEADER
fixed length control field 01450pam a2200373 a 4500
001 - CONTROL NUMBER
control field 725749
003 - CONTROL NUMBER IDENTIFIER
control field GBCCL
005 - DATE AND TIME OF LATEST TRANSACTION
control field 20241126110732.0
008 - FIXED-LENGTH DATA ELEMENTS--GENERAL INFORMATION
fixed length control field 980403s1998 waub c b 000 0beng
010 ## -
-- 98019368
020 ## - INTERNATIONAL STANDARD BOOK NUMBER
International Standard Book Number 1576580199
040 ## - CATALOGING SOURCE
Original cataloging agency DLC
Transcribing agency DLC
Modifying agency DLC
042 ## -
-- lcac
043 ## -
-- a-cc---
-- e-uk-en
050 00 -
-- BV3427.A9
-- B46 1998
082 00 - DEWEY DECIMAL CLASSIFICATION NUMBER
Classification number 266.0092
-- B
Edition information 21
Item number BEN
100 1# - MAIN ENTRY--PERSONAL NAME
Personal name Benge, Janet,
Dates associated with a name 1958-
9 (RLIN) 17368
245 10 - TITLE STATEMENT
Title Gladys Aylward :
Remainder of title the adventure of a lifetime /
Statement of responsibility, etc. Janet and Geoff Benge.
260 ## - PUBLICATION, DISTRIBUTION, ETC.
Place of publication, distribution, etc. Seattle, WA :
Name of publisher, distributor, etc. YWAM Pub.,
Date of publication, distribution, etc. c1998.
300 ## - PHYSICAL DESCRIPTION
Extent 205 p. :
Other physical details 1 map ;
Dimensions 21 cm.
440 #0 - SERIES STATEMENT/ADDED ENTRY--TITLE
Title Christian heroes, then & now
9 (RLIN) 17374
504 ## - BIBLIOGRAPHY, ETC. NOTE
Bibliography, etc. note Includes bibliographical references (p. 205).
520 ## - SUMMARY, ETC.
Summary, etc. Recounts the life story of the Englishwoman who financed her own overland trip to China to become a missionary.
600 10 - SUBJECT ADDED ENTRY--PERSONAL NAME
Personal name Aylward, Gladys
Form subdivision Juvenile literature.
9 (RLIN) 18155
600 11 - SUBJECT ADDED ENTRY--PERSONAL NAME
Personal name Aylward, Gladys.
9 (RLIN) 18156
650 #0 - SUBJECT ADDED ENTRY--TOPICAL TERM
Topical term or geographic name entry element Missionaries
Geographic subdivision China
Form subdivision Biography
-- Juvenile literature.
9 (RLIN) 17371
650 #0 - SUBJECT ADDED ENTRY--TOPICAL TERM
Topical term or geographic name entry element Missionaries
Geographic subdivision England
Form subdivision Biography
-- Juvenile literature.
9 (RLIN) 17372
650 #1 - SUBJECT ADDED ENTRY--TOPICAL TERM
Topical term or geographic name entry element Missionaries.
9 (RLIN) 3863
650 #1 - SUBJECT ADDED ENTRY--TOPICAL TERM
Topical term or geographic name entry element Women
Form subdivision Biography.
9 (RLIN) 18142
700 1# - ADDED ENTRY--PERSONAL NAME
Personal name Benge, Geoff,
Dates associated with a name 1954-
9 (RLIN) 17373
906 ## - LOCAL DATA ELEMENT F, LDF (RLIN)
a 7
b cbc
c orignew
d 1
e ocip
f 19
g y-gencatlg
942 ## - ADDED ENTRY ELEMENTS (KOHA)
Source of classification or shelving scheme Dewey Decimal Classification
Koha item type Books
Koha issues (borrowed), all copies 3
Holdings
Withdrawn status Lost status Source of classification or shelving scheme Damaged status Not for loan Home library Current Library Shelving location Date acquired Total checkouts Full call number Barcode Date last seen Date last checked out Copy number Price effective from Koha item type
    Dewey Decimal Classification     GRACE BIBLE COLLEGE GRACE BIBLE COLLEGE Ministry & Mission 2024-07-18 4 266.0092 BEN 016962 2025-05-01 2024-12-05 c.1 2024-07-18 Books
© Grace Bible College Library 2025